10 personnages Harry Potter préchoisis - Statistiques

Statistiques générales
  • Ce quiz a été pris 29 fois
    8 depuis la dernière actualisation
  • Le résultat moyen est 3 sur 10
Statistiques - réponses
Réponse % Correct
Albus Dumbledore
71%
Minerva McGonagall
71%
Fred Weasley
43%
Olivier Dubois
43%
Nagini
29%
Viktor krum
29%
Peeves
14%
Pompom Pomfresh
14%
Buck
0%
Quirinus Quirell
0%
Aucun quiz correspondant
Distribution des résultats
% des personnes avec chaque résultat
Percentile par nombre de réponses
Votre historique - résultats
Vous n’avez pas pris ce quiz depuis la dernière actualisation